000 00520nam a2200205 a 4500
999 _c7640
_d7640
001 7640
003 BD-JhCC
005 20210316134020.0
008 180212s2015 bg |||| |||| 000 0 eng d
035 _a(BD-JhCC)
040 _aBD-JhCC
_dBD-JhCC
041 _aeng
082 _a574
_bUDD 2015
100 _aUddin, Md. Nazim
245 _aBiology: Second Paper (Eleven-Twelve) /
_cMd. Nazim Uddin
260 _aDhaka:
_bNisharga Prakashani,
_c2015
300 _a520 p;,
_c24 cm
650 _aBiology
942 _2ddc
_cBK
_02